[Event "HUN Team League Csongrad Region 2018-19 "]
[Site "Csongrád County"]
[Date "2018.11.11"]
[Round "3.4"]
[White "Gachalyi, Gergo"]
[Black "Blazsik, Zoltan"]
[Result "1/2-1/2"]
[WhiteElo "1486"]
[BlackElo "1747"]
[PlyCount "60"]
[EventDate "2018.09.30"]
[WhiteTeam "Vásárhelyi Pákozdy FSSE"]
[BlackTeam "Maróczy Géza SE IV."]

1. e4 c5 2. Nf3 Nc6 3. d4 cxd4 4. Nxd4 Nf6 5. Nc3 g6 6. Be3 Bg7 7. Be2 O-O 8.
Qd2 a6 9. h4 d6 10. h5 Ng4 11. Nxc6 bxc6 12. Bxg4 Bxg4 13. hxg6 fxg6 14. f3 Be6
15. Bh6 Rf7 16. Bxg7 Rxg7 17. Qe3 Qa5 18. Kf2 Rb8 19. b3 Rc8 20. Ne2 Rf8 21.
Qc3 Qxc3 22. Nxc3 Bd7 23. Rad1 Rgf7 24. Rhf1 g5 25. Ke3 g4 26. f4 g3 27. Rd2 h5
28. Ne2 h4 29. Rh1 Rh7 30. c4 Bg4 1/2-1/2

[Event "HUN Team League Csongrad Region 2018-19 "]
[Site "Csongrád County"]
[Date "2018.11.11"]
[Round "3.4"]
[White "Szamko, Szabolcs"]
[Black "Torok, Csaba"]
[Result "0-1"]
[WhiteElo "1516"]
[BlackElo "1526"]
[PlyCount "76"]
[EventDate "2018.09.30"]
[WhiteTeam "Maróczy Géza SE IV."]
[BlackTeam "Vásárhelyi Pákozdy FSSE"]

1. e4 c5 2. Bc4 d6 3. Nc3 Nf6 4. d3 g6 5. Bg5 Bg7 6. Qd2 O-O 7. Bh6 Nc6 8. Bxg7
Kxg7 9. f3 Qb6 10. Rb1 e6 11. h4 h5 12. Nh3 Qd8 13. Nf2 a6 14. a3 d5 15. Ba2 b5
16. Ne2 Bb7 17. g4 Ne5 18. Qf4 Qb8 19. gxh5 Nxh5 20. Qe3 d4 21. Qc1 Nxf3+ 22.
Kf1 Ng3+ 23. Nxg3 Qxg3 24. Ke2 Nh2 25. Qg1 Qf3+ 26. Ke1 Qe3+ 27. Kd1 Nf3 28.
Qe1 Nxe1 29. Rxe1 Qxf2 30. b3 Rae8 31. Re2 Qxh4 32. Kc1 f5 33. Kb2 f4 34. Rg1
f3 35. Rd2 f2 36. Rf1 e5 37. Rdd1 Bc8 38. Rh1 Qxh1 0-1

[Event "HUN Team League Csongrad Region 2018-19 "]
[Site "Csongrád County"]
[Date "2018.11.11"]
[Round "3.4"]
[White "Csikos, Adam"]
[Black "Gyemant, Karoly"]
[Result "1-0"]
[WhiteElo "1315"]
[BlackElo "1582"]
[PlyCount "57"]
[EventDate "2018.09.30"]
[WhiteTeam "Vásárhelyi Pákozdy FSSE"]
[BlackTeam "Maróczy Géza SE IV."]

1. e4 e6 2. d4 d5 3. Bd3 c6 4. Nf3 dxe4 5. Bxe4 Nf6 6. Bg5 Be7 7. Bd3 O-O 8. c4
Ne8 9. Bxe7 Qxe7 10. Nc3 g6 11. O-O b6 12. Re1 Qf6 13. Rc1 Qg7 14. d5 cxd5 15.
cxd5 exd5 16. Nxd5 Be6 17. Ne7+ Kh8 18. Be4 Nd7 19. Bxa8 g5 20. Nd4 Ndf6 21.
Nxe6 fxe6 22. Rxe6 g4 23. Nf5 Qg5 24. Ne3 h5 25. Rc8 Kg7 26. Bc6 h4 27. Bxe8 g3
28. Rc7+ Kh6 29. Ng4+ 1-0

[Event "HUN Team League Csongrad Region 2018-19 "]
[Site "Csongrád County"]
[Date "2018.11.11"]
[Round "3.5"]
[White "Balogh, Ferenc"]
[Black "Megyaszai, Balazs"]
[Result "1/2-1/2"]
[WhiteElo "1914"]
[BlackElo "1657"]
[PlyCount "52"]
[EventDate "2018.09.30"]
[WhiteTeam "Maróczy Géza SE VI."]
[BlackTeam "Maróczy Géza SE V."]

1. e4 c5 2. Ne2 d6 3. Nbc3 Nf6 4. Ng3 Nc6 5. d3 e6 6. Be2 Be7 7. O-O O-O 8. f4
Qc7 9. Nh5 Nd4 10. Nxf6+ Bxf6 11. Rb1 a6 12. Be3 b5 13. Qd2 Bb7 14. Nd1 Rac8
15. c3 Nxe2+ 16. Qxe2 c4 17. Nf2 cxd3 18. Qxd3 Qc6 19. Bd4 Bxd4 20. Qxd4 d5 21.
e5 Qc4 22. Qxc4 Rxc4 23. Nd3 d4 24. cxd4 Rxd4 25. Nc5 Bd5 26. Rbd1 Rxd1 1/2-1/2

[Event "HUN Team League Csongrad Region 2018-19 "]
[Site "Csongrád County"]
[Date "2018.11.11"]
[Round "3.5"]
[White "Arato, Daniel"]
[Black "Tornyai, Jeno"]
[Result "0-1"]
[WhiteElo "1733"]
[BlackElo "1876"]
[PlyCount "92"]
[EventDate "2018.09.30"]
[WhiteTeam "Maróczy Géza SE V."]
[BlackTeam "Maróczy Géza SE VI."]

1. d4 d5 2. c4 e6 3. Nc3 Nf6 4. Nf3 Nbd7 5. Bf4 dxc4 6. e4 Bb4 7. Qc2 b5 8.
O-O-O Bxc3 9. bxc3 O-O 10. d5 exd5 11. exd5 Bb7 12. d6 cxd6 13. Rxd6 Be4 14.
Qd2 Qa5 15. Be2 Nc5 16. Nd4 Rad8 17. Qb2 Na4 18. Qb4 Qxb4 19. cxb4 Nd5 20. Rxd8
Rxd8 21. Be3 Nac3 22. a3 Nxe2+ 23. Nxe2 Nxe3 24. fxe3 Rd3 25. Rd1 Rxd1+ 26.
Kxd1 Bxg2 27. Nd4 a6 28. Kd2 Kf8 29. Kc3 Bd5 30. Nf5 g6 31. Nd6 Ke7 32. Nc8+
Kd7 33. Nb6+ Kc6 34. Nc8 Be6 35. Ne7+ Kd6 36. Ng8 Ke5 37. Kd2 f5 38. Ne7 Ke4
39. Nc6 g5 40. Nd4 Bd7 41. Ne2 h6 42. Ng1 g4 43. Ne2 Kf3 44. Nf4 c3+ 45. Kxc3
Kxe3 46. Nd3 f4 0-1

[Event "HUN Team League Csongrad Region 2018-19 "]
[Site "Csongrád County"]
[Date "2018.11.11"]
[Round "3.5"]
[White "Jojart, Zsolt"]
[Black "Kocsmar, Akos"]
[Result "0-1"]
[WhiteElo "1602"]
[BlackElo "1697"]
[PlyCount "100"]
[EventDate "2018.09.30"]
[WhiteTeam "Maróczy Géza SE VI."]
[BlackTeam "Maróczy Géza SE V."]

1. e4 c5 2. Nf3 d6 3. d4 cxd4 4. Nxd4 Nf6 5. Nc3 a6 6. Be2 e6 7. O-O Be7 8. Be3
b5 9. a3 Bb7 10. f3 Nbd7 11. Qe1 O-O 12. Qg3 Kh8 13. Bd3 Rc8 14. f4 Nc5 15. Qf3
Qd7 16. g4 d5 17. e5 Nfe4 18. Nce2 f6 19. Qh3 Rce8 20. b4 fxe5 21. fxe5 Nxd3
22. cxd3 Ng5 23. Qg3 Nf7 24. h4 Bd8 25. Rf2 Bc7 26. Bf4 Qd8 27. g5 g6 28. Nb3
d4 29. Nc5 Ba8 30. Rh2 Qd5 31. Ne4 Bxe5 32. Bxe5+ Nxe5 33. Nf4 Qd7 34. Rf1 Bxe4
35. dxe4 Nc4 36. Qh3 Qe7 37. Kh1 Ne3 38. Rff2 Rc8 39. Ne2 e5 40. Rf6 Qc7 41.
Kg1 Qc2 42. h5 Qd1+ 43. Kf2 Rxf6+ 44. gxf6 Rf8 45. Qe6 Qf1+ 46. Kg3 Qxf6 47.
Qxf6+ Rxf6 48. Rh1 Kg7 49. h6+ Kf7 50. Rc1 Nc4 0-1

[Event "HUN Team League Csongrad Region 2018-19 "]
[Site "Csongrád County"]
[Date "2018.11.11"]
[Round "3.5"]
[White "Tanacs, Jozsef"]
[Black "Kis, Izabella"]
[Result "0-1"]
[WhiteElo "1364"]
[BlackElo "1375"]
[PlyCount "82"]
[EventDate "2018.09.30"]
[WhiteTeam "Maróczy Géza SE VI."]
[BlackTeam "Maróczy Géza SE V."]

1. d4 d5 2. c4 e6 3. Nc3 Nf6 4. e3 c6 5. c5 b6 6. b4 a5 7. Na4 Nfd7 8. Bd2 axb4
9. Bxb4 bxc5 10. Bc3 cxd4 11. exd4 Bd6 12. Nb2 O-O 13. Nf3 c5 14. Be2 c4 15. h4
Nf6 16. Ne5 Ne4 17. Qc2 Ra3 18. Nd1 Nxc3 19. Nxc3 Bb4 20. Rh3 Qa5 21. Kd2 f6
22. Ng4 e5 23. Rg3 Rxc3 24. Rxc3 exd4 25. Rc1 Bxc3+ 26. Kd1 d3 27. Qxc3 Qxc3
28. Rxc3 dxe2+ 29. Kxe2 Bxg4+ 30. f3 Bf5 31. a4 Bd3+ 32. Kf2 d4 33. Ra3 c3 34.
a5 c2 35. Ra1 Rc8 36. Rc1 Ba6 37. Ke1 d3 38. Kd2 Re8 39. Kc3 Re2 40. Rf1 Nd7
41. Ra1 Rxg2 0-1

[Event "HUN Team League Csongrad Region 2018-19 "]
[Site "Csongrád County"]
[Date "2018.11.11"]
[Round "3.5"]
[White "Herczeg, Zsofia"]
[Black "Keller, Peter"]
[Result "0-1"]
[WhiteElo "1274"]
[BlackElo "1357"]
[PlyCount "90"]
[EventDate "2018.09.30"]
[WhiteTeam "Maróczy Géza SE V."]
[BlackTeam "Maróczy Géza SE VI."]

1. e4 c5 2. Nf3 d6 3. Bb5+ Bd7 4. Bxd7+ Nxd7 5. Nc3 Ngf6 6. d3 e6 7. Bg5 Be7 8.
O-O h6 9. Be3 Qc7 10. Qd2 a6 11. Ne2 Ng4 12. h3 Nxe3 13. fxe3 O-O 14. c3 Nf6
15. Rac1 Rfd8 16. Ng3 c4 17. d4 Qc6 18. Qc2 e5 19. b3 b5 20. b4 a5 21. a3 axb4
22. axb4 Ra3 23. d5 Qa6 24. Qb2 Ra8 25. Kh2 Nd7 26. Nf5 Bf8 27. Qb1 Qb6 28.
Rfe1 Nf6 29. g3 Ra1 30. Qc2 R8a2 31. Qxa2 Rxa2+ 32. Kg1 Nxe4 33. Nh2 Ra3 34.
Ra1 Qa7 35. Rab1 Nxc3 36. Rbc1 Nxd5 37. Rb1 Nxe3 38. Nxe3 Rxe3 39. Kf1 Rxe1+
40. Rxe1 f6 41. Ke2 Qa2+ 42. Kf3 Qxh2 43. Re2 Qxe2+ 44. Kxe2 d5 45. Kd2 d4 0-1

[Event "HUN Team League Csongrad Region 2018-19 "]
[Site "Csongrád County"]
[Date "2018.11.11"]
[Round "3.5"]
[White "Puskas, Mihaly"]
[Black "Herczeg, Viktoria"]
[Result "1-0"]
[WhiteElo "1240"]
[BlackElo "1226"]
[PlyCount "47"]
[EventDate "2018.09.30"]
[WhiteTeam "Maróczy Géza SE VI."]
[BlackTeam "Maróczy Géza SE V."]

1. e4 e5 2. Nf3 Nc6 3. Bb5 Nd4 4. Nxd4 exd4 5. O-O Nf6 6. d3 h6 7. c3 dxc3 8.
Nxc3 c6 9. Bc4 d5 10. exd5 Nxd5 11. Qb3 Be6 12. Re1 Be7 13. Qxb7 Nb4 14. Bxe6
Rb8 15. Qxa7 Nc2 16. Bd7+ Kf8 17. Bf4 Rxb2 18. Rab1 Nxe1 19. Rxb2 Nxd3 20. Rb8
Nxf4 21. Rxd8+ Bxd8 22. Qc5+ Be7 23. Qxc6 g6 24. Nd5 1-0

[Event "HUN Team League Csongrad Region 2018-19 "]
[Site "Csongrád County"]
[Date "2018.11.11"]
[Round "3.5"]
[White "Korosi, Zsombor"]
[Black "Szamko, Balint"]
[Result "1-0"]
[WhiteElo "1052"]
[BlackElo "1158"]
[PlyCount "83"]
[EventDate "2018.09.30"]
[WhiteTeam "Maróczy Géza SE V."]
[BlackTeam "Maróczy Géza SE VI."]

1. e4 e5 2. Nf3 Nc6 3. Bc4 h6 4. d3 Bc5 5. O-O Nf6 6. h3 a6 7. a3 b5 8. Bd5
Nxd5 9. exd5 Ne7 10. Nc3 Bb7 11. Nxe5 Bxd5 12. Nxd5 Nxd5 13. Qf3 Qe7 14. Qxd5
O-O 15. Ng6 Qe6 16. Qxe6 dxe6 17. Nxf8 Kxf8 18. Bf4 c6 19. c3 g5 20. d4 Bxd4
21. Bd6+ Ke8 22. cxd4 Kd7 23. Be5 Rf8 24. Bg7 Rd8 25. Bxh6 Kc8 26. Rfd1 e5 27.
dxe5 Rxd1+ 28. Rxd1 Kc7 29. Bxg5 Kc8 30. h4 Kc7 31. h5 Kc8 32. b4 Kb7 33. h6
Kb6 34. Rd6 a5 35. Bd8+ Ka6 36. Rxc6+ Ka7 37. h7 axb4 38. h8=Q bxa3 39. Qg7 a2
40. Qxf7+ Kb8 41. Rc8+ Kxc8 42. Qc7# 1-0